<?xml version="1.0" encoding="UTF-8"?>
<collection xmlns="http://www.loc.gov/MARC21/slim">
 <record>
  <leader>04086cam a2200829 c 4500</leader>
  <controlfield tag="001">160944809X</controlfield>
  <controlfield tag="003">DE-627</controlfield>
  <controlfield tag="005">20260129134304.0</controlfield>
  <controlfield tag="007">tu</controlfield>
  <controlfield tag="008">850101s1979    gw |||||      00| ||ger c</controlfield>
  <datafield tag="015" ind1=" " ind2=" ">
   <subfield code="a">79,A46,0522</subfield>
   <subfield code="2">dnb</subfield>
  </datafield>
  <datafield tag="016" ind1="7" ind2=" ">
   <subfield code="a">790422263</subfield>
   <subfield code="2">DE-101</subfield>
  </datafield>
  <datafield tag="020" ind1=" " ind2=" ">
   <subfield code="a">3422006974</subfield>
   <subfield code="9">3-422-00697-4</subfield>
  </datafield>
  <datafield tag="035" ind1=" " ind2=" ">
   <subfield code="a">(DE-627)160944809X</subfield>
  </datafield>
  <datafield tag="035" ind1=" " ind2=" ">
   <subfield code="a">(DE-576)007335539</subfield>
  </datafield>
  <datafield tag="035" ind1=" " ind2=" ">
   <subfield code="a">(DE-599)BSZ007335539</subfield>
  </datafield>
  <datafield tag="035" ind1=" " ind2=" ">
   <subfield code="a">(OCoLC)310763979</subfield>
  </datafield>
  <datafield tag="035" ind1=" " ind2=" ">
   <subfield code="a">(OCoLC)5881971</subfield>
  </datafield>
  <datafield tag="035" ind1=" " ind2=" ">
   <subfield code="a">(OCoLC)310763979</subfield>
  </datafield>
  <datafield tag="035" ind1=" " ind2=" ">
   <subfield code="a">(DE-604)8035846747</subfield>
  </datafield>
  <datafield tag="040" ind1=" " ind2=" ">
   <subfield code="a">DE-627</subfield>
   <subfield code="b">ger</subfield>
   <subfield code="c">DE-627</subfield>
   <subfield code="e">rakwb</subfield>
  </datafield>
  <datafield tag="041" ind1=" " ind2=" ">
   <subfield code="a">ger</subfield>
   <subfield code="a">ita</subfield>
  </datafield>
  <datafield tag="044" ind1=" " ind2=" ">
   <subfield code="c">XA-DE</subfield>
  </datafield>
  <datafield tag="050" ind1=" " ind2="0">
   <subfield code="a">NA5621.V5</subfield>
  </datafield>
  <datafield tag="082" ind1="0" ind2=" ">
   <subfield code="a">730.94531</subfield>
   <subfield code="q">OCLC</subfield>
  </datafield>
  <datafield tag="084" ind1=" " ind2=" ">
   <subfield code="a">12a</subfield>
   <subfield code="2">sdnb</subfield>
  </datafield>
  <datafield tag="084" ind1=" " ind2=" ">
   <subfield code="a">9,10</subfield>
   <subfield code="2">ssgn</subfield>
  </datafield>
  <datafield tag="084" ind1=" " ind2=" ">
   <subfield code="a">LN 75812</subfield>
   <subfield code="2">rvk</subfield>
   <subfield code="0">(DE-625)rvk/102166:13313</subfield>
  </datafield>
  <datafield tag="084" ind1=" " ind2=" ">
   <subfield code="a">LN 75809</subfield>
   <subfield code="2">rvk</subfield>
   <subfield code="0">(DE-625)rvk/102166:13310</subfield>
  </datafield>
  <datafield tag="084" ind1=" " ind2=" ">
   <subfield code="a">20.30</subfield>
   <subfield code="2">bkl</subfield>
  </datafield>
  <datafield tag="084" ind1=" " ind2=" ">
   <subfield code="a">21.52</subfield>
   <subfield code="2">bkl</subfield>
  </datafield>
  <datafield tag="084" ind1=" " ind2=" ">
   <subfield code="a">21.70</subfield>
   <subfield code="2">bkl</subfield>
  </datafield>
  <datafield tag="245" ind1="0" ind2="4">
   <subfield code="a">Die Skulpturen von San Marco in Venedig</subfield>
   <subfield code="b">die figuerlichen Skulpturen der Aussenfassaden bis zum 14. Jh.</subfield>
   <subfield code="c">hrsg. von Wolfgang Wolters. Mit. Beitr. von Otto Demus ...</subfield>
  </datafield>
  <datafield tag="264" ind1=" " ind2="1">
   <subfield code="a">München [u.a.]</subfield>
   <subfield code="b">Dt. Kunstverl.</subfield>
   <subfield code="c">1979</subfield>
  </datafield>
  <datafield tag="300" ind1=" " ind2=" ">
   <subfield code="a">63 S., 200 Taf.</subfield>
  </datafield>
  <datafield tag="336" ind1=" " ind2=" ">
   <subfield code="a">Text</subfield>
   <subfield code="b">txt</subfield>
   <subfield code="2">rdacontent</subfield>
  </datafield>
  <datafield tag="337" ind1=" " ind2=" ">
   <subfield code="a">ohne Hilfsmittel zu benutzen</subfield>
   <subfield code="b">n</subfield>
   <subfield code="2">rdamedia</subfield>
  </datafield>
  <datafield tag="338" ind1=" " ind2=" ">
   <subfield code="a">Band</subfield>
   <subfield code="b">nc</subfield>
   <subfield code="2">rdacarrier</subfield>
  </datafield>
  <datafield tag="361" ind1="1" ind2=" ">
   <subfield code="5">DE-Hil6</subfield>
   <subfield code="y">1740263669</subfield>
   <subfield code="s">1 E c 4749</subfield>
   <subfield code="o">Vorbesitz</subfield>
   <subfield code="a">Brandt, Michael</subfield>
   <subfield code="0">(DE-588)141409592</subfield>
   <subfield code="0">(DE-627)627300022</subfield>
   <subfield code="0">(DE-576)323757464</subfield>
   <subfield code="f">Stempel</subfield>
  </datafield>
  <datafield tag="490" ind1="1" ind2=" ">
   <subfield code="a">Studien / Centro Tedesco di Studi Veneziani</subfield>
   <subfield code="v">3</subfield>
  </datafield>
  <datafield tag="500" ind1=" " ind2=" ">
   <subfield code="a">Literaturverz. S. 56 - 57</subfield>
  </datafield>
  <datafield tag="583" ind1="1" ind2=" ">
   <subfield code="a">Massenentsäuert</subfield>
   <subfield code="c">2013</subfield>
   <subfield code="k">DE-18</subfield>
   <subfield code="2">pdager</subfield>
   <subfield code="5">DE-H13</subfield>
  </datafield>
  <datafield tag="583" ind1="1" ind2=" ">
   <subfield code="a">Archivierung/Langzeitarchivierung gewährleistet</subfield>
   <subfield code="f">SSG</subfield>
   <subfield code="x">XA-DE-BW</subfield>
   <subfield code="2">pdager</subfield>
   <subfield code="5">DE-16</subfield>
  </datafield>
  <datafield tag="610" ind1="1" ind2="0">
   <subfield code="a">Basilica di San Marco (Venice, Italy)</subfield>
  </datafield>
  <datafield tag="650" ind1=" " ind2="0">
   <subfield code="a">Sculpture, Italian</subfield>
   <subfield code="z">Italy</subfield>
   <subfield code="z">Venice</subfield>
  </datafield>
  <datafield tag="650" ind1=" " ind2="0">
   <subfield code="a">Sculpture, Gothic</subfield>
   <subfield code="z">Italy</subfield>
   <subfield code="z">Venice</subfield>
  </datafield>
  <datafield tag="650" ind1=" " ind2="0">
   <subfield code="a">Facades</subfield>
   <subfield code="z">Italy</subfield>
   <subfield code="z">Venice</subfield>
  </datafield>
  <datafield tag="689" ind1="0" ind2="0">
   <subfield code="d">g</subfield>
   <subfield code="0">(DE-588)4078763-1</subfield>
   <subfield code="0">(DE-627)106076396</subfield>
   <subfield code="0">(DE-576)209209933</subfield>
   <subfield code="a">San Marco</subfield>
   <subfield code="g">Venedig</subfield>
   <subfield code="2">gnd</subfield>
  </datafield>
  <datafield tag="689" ind1="0" ind2="1">
   <subfield code="d">s</subfield>
   <subfield code="0">(DE-588)4046277-8</subfield>
   <subfield code="0">(DE-627)106198602</subfield>
   <subfield code="0">(DE-576)209068817</subfield>
   <subfield code="a">Plastik</subfield>
   <subfield code="2">gnd</subfield>
  </datafield>
  <datafield tag="689" ind1="0" ind2=" ">
   <subfield code="5">(DE-627)</subfield>
  </datafield>
  <datafield tag="689" ind1="1" ind2="0">
   <subfield code="d">g</subfield>
   <subfield code="0">(DE-588)4078763-1</subfield>
   <subfield code="0">(DE-627)106076396</subfield>
   <subfield code="0">(DE-576)209209933</subfield>
   <subfield code="a">San Marco</subfield>
   <subfield code="g">Venedig</subfield>
   <subfield code="2">gnd</subfield>
  </datafield>
  <datafield tag="689" ind1="1" ind2="1">
   <subfield code="d">s</subfield>
   <subfield code="0">(DE-588)4046277-8</subfield>
   <subfield code="0">(DE-627)106198602</subfield>
   <subfield code="0">(DE-576)209068817</subfield>
   <subfield code="a">Plastik</subfield>
   <subfield code="2">gnd</subfield>
  </datafield>
  <datafield tag="689" ind1="1" ind2=" ">
   <subfield code="5">(DE-627)</subfield>
  </datafield>
  <datafield tag="700" ind1="1" ind2=" ">
   <subfield code="a">Wolters, Wolfgang</subfield>
   <subfield code="d">1935-</subfield>
   <subfield code="e">Hrsg.</subfield>
   <subfield code="0">(DE-588)121925110</subfield>
   <subfield code="0">(DE-627)081624115</subfield>
   <subfield code="0">(DE-576)217166156</subfield>
   <subfield code="4">edt</subfield>
  </datafield>
  <datafield tag="700" ind1="1" ind2=" ">
   <subfield code="a">Demus, Otto</subfield>
   <subfield code="d">1902-1990</subfield>
   <subfield code="e">Mitarb.</subfield>
   <subfield code="0">(DE-588)122371186</subfield>
   <subfield code="0">(DE-627)145368505</subfield>
   <subfield code="0">(DE-576)160707080</subfield>
   <subfield code="4">oth</subfield>
  </datafield>
  <datafield tag="787" ind1="0" ind2="8">
   <subfield code="i">Rezensiert in</subfield>
   <subfield code="a">Diemer, Peter, 1945 - </subfield>
   <subfield code="t">[Rezension von: Wolfgang Wolters (Hg.), Die Skulpturen von San Marco in Venedig]</subfield>
   <subfield code="d">1982</subfield>
   <subfield code="w">(DE-627)1852596244</subfield>
  </datafield>
  <datafield tag="810" ind1="2" ind2=" ">
   <subfield code="a">Deutsches Studienzentrum in Venedig</subfield>
   <subfield code="t">Studien / Centro Tedesco di Studi Veneziani</subfield>
   <subfield code="v">3</subfield>
   <subfield code="9">3</subfield>
   <subfield code="w">(DE-627)13024113X</subfield>
   <subfield code="w">(DE-576)007335520</subfield>
   <subfield code="w">(DE-600)546056-6</subfield>
   <subfield code="7">am</subfield>
  </datafield>
  <datafield tag="856" ind1="4" ind2="2">
   <subfield code="u">http://www.gbv.de/dms/weimar/toc/025066293_toc.pdf</subfield>
   <subfield code="m">V:DE-601</subfield>
   <subfield code="m">B:DE-Wim2</subfield>
   <subfield code="q">application/pdf</subfield>
   <subfield code="x">Verlag</subfield>
   <subfield code="y">Inhaltsverzeichnis</subfield>
   <subfield code="3">Inhaltsverzeichnis</subfield>
   <subfield code="7">1</subfield>
  </datafield>
  <datafield tag="889" ind1=" " ind2=" ">
   <subfield code="w">(DE-627)025066293</subfield>
  </datafield>
  <datafield tag="935" ind1=" " ind2=" ">
   <subfield code="i">mdedup</subfield>
  </datafield>
  <datafield tag="936" ind1="r" ind2="v">
   <subfield code="a">LN 75812</subfield>
   <subfield code="b">Kirchen, Kathedralen</subfield>
   <subfield code="k">Kunstgeschichte</subfield>
   <subfield code="k">Kunst nach Ländern bzw. Kontinenten</subfield>
   <subfield code="k">Italien</subfield>
   <subfield code="k">Kunsttopografie Italiens</subfield>
   <subfield code="k">Alphabetische Liste der italienischen Orte</subfield>
   <subfield code="k">Orte V</subfield>
   <subfield code="k">Venedig</subfield>
   <subfield code="k">Kirchen, Kathedralen</subfield>
   <subfield code="0">(DE-627)127070365X</subfield>
   <subfield code="0">(DE-625)rvk/102166:13313</subfield>
   <subfield code="0">(DE-576)20070365X</subfield>
  </datafield>
  <datafield tag="936" ind1="r" ind2="v">
   <subfield code="a">LN 75809</subfield>
   <subfield code="b">Skulptur (Plastik)</subfield>
   <subfield code="k">Kunstgeschichte</subfield>
   <subfield code="k">Kunst nach Ländern bzw. Kontinenten</subfield>
   <subfield code="k">Italien</subfield>
   <subfield code="k">Kunsttopografie Italiens</subfield>
   <subfield code="k">Alphabetische Liste der italienischen Orte</subfield>
   <subfield code="k">Orte V</subfield>
   <subfield code="k">Venedig</subfield>
   <subfield code="k">Kunstgeschichte</subfield>
   <subfield code="k">Skulptur (Plastik)</subfield>
   <subfield code="0">(DE-627)1270787632</subfield>
   <subfield code="0">(DE-625)rvk/102166:13310</subfield>
   <subfield code="0">(DE-576)200787632</subfield>
  </datafield>
  <datafield tag="936" ind1="b" ind2="k">
   <subfield code="a">20.30</subfield>
   <subfield code="j">Kunstgeschichte: Allgemeines</subfield>
   <subfield code="0">(DE-627)106410326</subfield>
  </datafield>
  <datafield tag="936" ind1="b" ind2="k">
   <subfield code="a">21.52</subfield>
   <subfield code="j">Geschichte der Bildhauerei</subfield>
   <subfield code="0">(DE-627)106405829</subfield>
  </datafield>
  <datafield tag="936" ind1="b" ind2="k">
   <subfield code="a">21.70</subfield>
   <subfield code="j">Geschichte der Sakralbaukunst</subfield>
   <subfield code="0">(DE-627)106421255</subfield>
  </datafield>
  <datafield tag="951" ind1=" " ind2=" ">
   <subfield code="a">BO</subfield>
  </datafield>
  <datafield tag="990" ind1=" " ind2=" ">
   <subfield code="a">San Marco</subfield>
  </datafield>
  <datafield tag="990" ind1=" " ind2=" ">
   <subfield code="a">Plastik</subfield>
  </datafield>
  <datafield tag="990" ind1=" " ind2=" ">
   <subfield code="a">San Marco</subfield>
  </datafield>
  <datafield tag="990" ind1=" " ind2=" ">
   <subfield code="a">Plastik</subfield>
  </datafield>
  <datafield tag="991" ind1=" " ind2=" ">
   <subfield code="a">Rezensiertes Werk</subfield>
  </datafield>
  <datafield tag="999" ind1=" " ind2=" ">
   <subfield code="a">KXP-PPN160944809X</subfield>
   <subfield code="e">437040519X</subfield>
  </datafield>
 </record>
</collection>
